00530nam a2200181 a 45000010010000000030011000100080041000210350026000620820014000881000017001022450032001192600044001516500017001959420012002129520089002249980020003139990015003330000-9288ELIB.Books110520 0000  a(ELIB.Books)0000-9440 a232 bCav aCave, Sydney aWhat Shall we say of Christ bNew York: Fleming H. Revell Company c0 aJesus Christ 2ddccBK 00102ddc4070aKBTSbKBTSd2011-05-20l0p103r2022-01-22 00:00:00w2022-01-22yBK cbate2011-05-20 c9288d9288